00231 a2200109 4500001000700000020000600007040001100013100001900024240003700043245003200080362000900112161705 a  cMagnum aLapate, Vagner10aAids - educando para a vidalpor10aAids - educando para a vida0 a1899